Score 0/20 Timer 06:00
1 Play Today
% Correct
United Kingdom
Mary Poppins
92.9%
France
Quasimodo
91.2%
Russia
Raskolnikov
87.5%
Greece
Odysseus
85.1%
Italy
Geppetto
84%
Spain
Figaro
76.8%
Germany
Snow White
75.8%
Ireland
Fionn
70.1%
Denmark
Hamlet
68.6%
Romania
Dracula
65.8%
% Correct
Sweden
Lisbeth
64.4%
Belgium
Tintin
53.8%
Switzerland
Heidi
50.4%
Portugal
Reis
49.2%
Poland
Koziołek
49.1%
Norway
Askeladden
45.8%
Czechia
Wilhelm
36.5%
Iceland
Grýla
32.8%
Bulgaria
Krum
31.2%
Turkey
Keyser Söze
20.8%
Remove Ads.
Support Sporcle.
Get the best of Sporcle when you Go Orange. This ad-free experience offers more features, more stats, and more fun while also helping to support Sporcle. Thank you for becoming a member.

You're not logged in!

Compare scores with friends on all Sporcle quizzes.
OR
Log In

Show Comments

Extras

Top Quizzes Today


Score Distribution

Your Account Isn't Verified!

In order to create a playlist on Sporcle, you need to verify the email address you used during registration. Go to your Sporcle Settings to finish the process.

Report this User

Report this user for behavior that violates our Community Guidelines.

Details: